000
00340nam a2200157Ia 4500
008
210210b1927 xxu||||| |||| 00| 0 eng d
041
_a
eng
082
_a
940/74
100
_a
FOX (Frank)
245
_a
Italy today
260
_a
London
_b
-
_c
1927
650
_a
today
650
_a
Italy
690
_a
European History
906
_a
025144
999
_c
150993
_d
150993